| 000 | 00609nam a2200241 a 4500 | ||
|---|---|---|---|
| 003 | AR-BaBNM | ||
| 005 | 20251128203807.0 | ||
| 008 | 082120s2002 ||||||||||||||000 | spa|| | ||
| 040 | _cAR-BaBNM | ||
| 100 | 1 | _aToledo, Juan Andrés | |
| 245 | 0 | 0 |
_aManual de educación física juvenil _n1 |
| 250 | _a3ª ed. | ||
| 260 |
_aMadrid _bDoncel _c1963 |
||
| 300 |
_a172 p. _bil. |
||
| 490 | 0 | _aEducación física | |
| 650 | 4 | _aEDUCACION FISICA | |
| 650 | 4 | _aJUEGOS EDUCATIVOS | |
| 650 | 4 | _aGIMNASIA | |
| 650 | 4 | _aACTIVIDADES RECREATIVAS | |
| 653 | _aEDUCACION SECUNDARIA | ||
| 942 | _cBK | ||
| 998 | _cCarmen | ||
| 999 |
_c4963 _d4963 |
||